[Event "BLR-ch sf (Women)"]
[Site "Minsk"]
[Date "2023.12.15"]
[Round "9"]
[White "Kasperovich, Aleksandra"]
[Black "Krasovskaja, Ksenija"]
[Result "1-0"]
[WhiteElo "1269"]
[BlackElo "1275"]
[PlyCount "51"]
[EventDate "2023.12.07"]
[EventType "swiss"]
[EventRounds "9"]
[EventCountry "BLR"]
[SourceTitle "CB51_2023"]
[SourceDate "2023.12.20"]
[SourceVersion "1"]
[SourceVersionDate "2023.12.20"]
[SourceQuality "1"]

1. e4 e5 2. Nf3 Nc6 3. d4 exd4 4. Nxd4 Bc5 5. Be3 Qf6 6. c3 Nge7 7. Bc4 b6 8. 0-0 0-0 9. Qd2 Bb7 10. b4 Bxd4 11. cxd4 d6 12. Na3 Rad8 13. f4 d5 14. e5 Qe6 15. Bb3 Nf5 16. Bf2 Qe7 17. Nc2 Nh4 18. Qe1 Ng6 19. f5 Ba6 20. fxg6 Bxf1 21. gxh7+ Kxh7 22. Qxf1 Nxb4 23. Nxb4 Qxb4 24. Qd3+ g6 25. Bh4 Rde8 26. Bf6 1-0

[Event "BLR-ch sf (Women)"]
[Site "Minsk"]
[Date "2023.12.13"]
[Round "7"]
[White "Zubaryk, Maryia"]
[Black "Krasovskaja, Ksenija"]
[Result "1/2-1/2"]
[WhiteElo "1477"]
[BlackElo "1275"]
[PlyCount "105"]
[EventDate "2023.12.07"]
[EventType "swiss"]
[EventRounds "9"]
[EventCountry "BLR"]
[SourceTitle "CB51_2023"]
[SourceDate "2023.12.20"]
[SourceVersion "1"]
[SourceVersionDate "2023.12.20"]
[SourceQuality "1"]

1. e4 e5 2. Nf3 Nc6 3. Nc3 Nf6 4. d4 exd4 5. Nxd4 Bb4 6. Nxc6 bxc6 7. Bd3 0-0 8. 0-0 d5 9. exd5 cxd5 10. Bg5 c6 11. Qf3 Be7 12. Rfe1 Re8 13. h3 Be6 14. Ne2 h6 15. Bh4 Bd7 16. Rad1 Qb6 17. Nd4 Qxb2 18. Bf5 Bxf5 19. Nxf5 Bb4 20. Nxh6+ gxh6 21. Bxf6 Qxc2 22. Rxe8+ Rxe8 23. Rd3 Re1+ 24. Kh2 Bd6+ 25. g3 Qe2 26. Qf5 Qe4 27. Qxe4 Rxe4 28. Re3 Rxe3 29. fxe3 Kh7 30. Kg2 Kg6 31. Bc3 Kf5 32. Kf3 h5 33. g4+ hxg4+ 34. hxg4+ Kg5 35. Bd2 Kf6 36. Bc3+ Be5 37. Bb4 Ke6 38. Bc5 a5 39. e4 Bd6 40. Bb6 a4 41. Ke3 c5 42. exd5+ Kxd5 43. Kd3 f6 44. Bd8 Be5 45. g5 fxg5 46. Bxg5 c4+ 47. Kc2 c3 48. Be7 Kc4 49. Bf8 Bc7 50. a3 Bb6 51. Bb4 Bd4 52. Be7 Bb6 53. Bf8 1/2-1/2